Riconosci lo Stato - Quiz n°19 - Statistics

Statistiche generali
  • Questo quiz è stato fatto 60 volte
  • Il punteggio medio è 13 su 13
Statistiche sulle risposte
Indizio Risposta % Corretto
Superficie 100 210 km²
100%
Popolazione 51 304 373 ab.
100%
Iniziale della Capitale S
100%
Fuso Orario UTC+9
100%
Valuta Won
100%
Tasso di crescita 0,09%
98%
ISU 0,916
98%
Indipendenza 15 agosto 1945 dal Giappone
98%
PIL (nominale) 1 619 424 milioni di $
98%
Risposta Corea del Sud
98%
Primo ministro Han Duck-soo
98%
Forma di Governo Repubblica presidenziale
98%
Presidente della Repubblica Yoon Suk-yeol
98%
Nessun quiz corrispondente trovato
Distribuzione punteggi
Percentuale di utenti per punteggio
Percentile per numero di risposta
I tuoi punteggi nel tempo
Non hai fatto questo quiz